| Поле | Название | Значение |
| |
Тип записи |
a |
| |
Библиографический уровень |
m |
| 001 |
Контрольный номер |
SKBR/eef0657f-e1c7-4f57-9cf6-6315a9fc619f |
| 005 |
Дата корректировки |
20251219142515.4 |
| 010 |
Индекс ISBN |
__ |
| a |
ISBN |
978-5-235-05093-8 |
| 9 |
Тираж |
5000 экз. |
| b |
Уточнения |
в пер. |
| d |
Цена |
1038-75 |
| 035 |
Другие системные номера |
__ |
| a |
Идентификатор записи |
RU\NLR\BIBL_A\022032002 |
| 100 |
Данные общей обработки |
__ |
| a |
Данные общей обработки |
20241129d2023 m y0rusy028902 ca |
| 101 |
Язык документа |
0_ |
| a |
Язык текста |
rus |
| 102 |
Страна публикации |
__ |
| a |
Страна публикации |
RU |
| 105 |
Кодированные данные (монография) |
__ |
| a |
Кодированные данные (монография) |
a z 000yb |
| 181 |
Поле кодированных данных: вид содержания |
_0 |
| a |
Код вида содержания (ISBD) |
i |
| 182 |
Поле кодированных данных: тип средства |
_0 |
| a |
Код типа средства (ISBD) |
n |
| 200 |
Заглавие и сведения об ответственности |
1_ |
| a |
Заглавие |
Иисус Христос |
| e |
Сведения, относящиеся к заглавию |
биография |
| f |
Первые сведения об ответственности |
Митрополит Иларион (Алфеев) |
| 203 |
Вид содержания и тип средства |
__ |
| a |
Вид содержания |
Текст |
| c |
Тип средства |
непосредственный |
| 205 |
Сведения об издании |
__ |
| a |
Основные сведения об издании |
Издание 3-е, исправленное |
| 210 |
Выходные данные |
1_ |
| a |
Место издания |
Москва |
| c |
Издательство |
Молодая гвардия |
| d |
Дата издания |
2023 |
| 215 |
Физическое описание |
__ |
| a |
Объем |
648, [1] с., [8] л. ил. |
| d |
Формат |
21 см |
| c |
Иллюстрации/тип воспроизводства |
цв. ил. |
| 225 |
Серия |
1_ |
| a |
Серия |
Жизнь замечательных людей |
| e |
Сведения, относящиеся к заглавию серии |
серия биографий |
| f |
Сведения об ответственности |
основана в 1890 г. Ф. Павленковым и продолжена в 1933 г. М. Горьким |
| v |
Обозначение тома |
вып. 2179 (1979) |
| 320 |
Библиография |
__ |
| a |
Библиография |
Библиография: с. 634-[645] и в подстрочных примечаниях |
| 330 |
Аннотация |
__ |
| a |
Аннотация |
Книга посвящена не просто одному из великих героев древности, но Человеку, которого в течение вот уже двух тысяч лет почитают воплотившимся Богом. В истории человечества нет и не было никого, кто оказал бы столь глубокое, всеобъемлющее и оплодотворяющее влияние на развитие человеческой культуры, ибо именно Иисус Христос на долгие века задал вектор культурного развития нескольких континентов. Но, признавая Иисуса Богом, можно ли издавать книгу о Нем в светской серии, посвященной "жизни замечательных людей"? Да, объясняет нам автор книги, ибо Церковь всегда заявляла твердо и однозначно: Он является полноценным Богом, но одновременно является и полноценным человеком, во всем - кроме греха - подобным нам. Земная история Иисуса Христа прослеживается автором на основании всех имеющихся в нашем распоряжении источников; проведен сравнительный анализ всех четырех Евангелий, выявлены причины содержащихся в них различий, степень их достоверности. При этом книга написана живым, доступным языком и обращена к самому широкому кругу читателей. |
| 600 |
Персоналии |
_0 |
| f |
Даты |
1-33 |
| g |
Полное имя |
Иисус Христос |
| 2 |
Код системы |
nlr_sh |
| 606 |
Тематические рубрики |
__ |
| a |
Основная рубрика |
Религия. Мистика. Свободомыслие |
| 2 |
Код системы |
nlr_sh |
| 606 |
Тематические рубрики |
__ |
| 2 |
Код системы |
nlr_sh |
| a |
Основная рубрика |
Христианство в целом |
| 610 |
Ключевые слова |
0_ |
| a |
Ключевые слова |
религии |
| 610 |
Ключевые слова |
0_ |
| a |
Ключевые слова |
христианство |
| 610 |
Ключевые слова |
0_ |
| a |
Ключевые слова |
история христианства |
| 610 |
Ключевые слова |
0_ |
| a |
Ключевые слова |
биографии |
| 610 |
Ключевые слова |
0_ |
| a |
Ключевые слова |
персоналии |
| 686 |
Индексы других классификаций |
__ |
| a |
Классификационный индекс |
86.37-3,81 |
| 2 |
Код системы |
rubbks |
| 700 |
Автор |
_0 |
| a |
Фамилия |
Иларион |
| c |
Титул (звания) |
Алфеев, Григорий Валерьевич |
| c |
Титул (звания) |
митрополит Волоколамский |
| f |
Даты |
1966- |
| 4 |
Код отношения |
070 |
| 790 |
Имя лица - альтернативная форма |
_1 |
| a |
Имя лица - альтернативная форма |
Алфеев |
| d |
Династический номер |
Г. В. |
| c |
Титул (звания) |
Иларион |
| c |
Титул (звания) |
митрополит Волоколамский |
| f |
Даты |
1966- |
| g |
Полное личное имя |
Григорий Валерьевич |
| 801 |
Источник записи |
_0 |
| a |
Страна |
RU |
| b |
Организация |
NLR |
| c |
Дата составления |
20230921 |
| g |
Правила каталогизации |
RCR |
| 801 |
Источник записи |
_1 |
| a |
Страна |
RU |
| b |
Организация |
NLR |
| c |
Дата составления |
20230921 |
| g |
Правила каталогизации |
PSBO |
| 801 |
Источник записи |
_2 |
| a |
Страна |
RU |
| b |
Организация |
NLR |
| c |
Дата составления |
20231001 |
| 2 |
Код формата |
rusmarc |
| g |
Правила каталогизации |
PSBO |
| 852 |
Данные о местонахождении |
__ |
| i |
Авторский знак |
И 43 |
| j |
Шифр хранения |
86.37-3,81 |
| 900 |
Макрообъекты |
__ |
| a |
Макрообъекты |
Иисус Христос. Митрополит Иларион (Алфеев). 2023 |
| 901 |
Тип документа |
__ |
| a |
Ответственный |
КиК/Обаева |
| t |
Тип документа |
m |
| 903 |
Характеристики (МАРС) |
__ |
| a |
Дата передачи |
20241129 |
| c |
Наименование библиотеки (МАРС) |
Муниципальное бюджетное учреждение культуры "Централизованная библиотечная система" г. Сургут (Центральная городская библиотека им. А. С. Пушкина) |
| 990 |
Данные о заказе (DOS) |
__ |
| j |
Количество экземпляров (DOS) |
1 |
| t |
N записи в КСУ для И/У (DOS) |
202503 |